| 000 | 00483nam a2200169Ia 4500 | ||
|---|---|---|---|
| 999 |
_c24904 _d24904 |
||
| 003 | OSt | ||
| 005 | 20210105125335.0 | ||
| 008 | 190216s9999||||xx |||||||||||||| ||und|| | ||
| 040 | _coclc | ||
| 082 |
_a500 _bNAI/A |
||
| 100 |
_aNair, G Sivankutty _98041 |
||
| 245 | 0 |
_aAlayazhiyile Albhutangal / _cG Sivankutty Nair |
|
| 260 |
_bPrabhath Book House, _aTrivandrum: _c1967. |
||
| 300 | _a179p | ||
| 650 | _aGeneral | ||
| 942 |
_cBK _2ddc _h500 _iNAI/A _k500 _mNAI/A |
||